[Event "Milan Crespi op-B 35th"]
[Site "Milan"]
[Date "2014.12.07"]
[Round "5"]
[White "Grandi, Jessica"]
[Black "Palvarini, Mario"]
[Result "0-1"]
[WhiteElo "1512"]
[BlackElo "1479"]
[PlyCount "54"]
[EventDate "2014.12.04"]
[EventType "swiss"]
[EventRounds "7"]
[EventCountry "ITA"]
[SourceTitle "EXT 2017"]
[Source "ChessBase"]
[SourceDate "2016.10.25"]
[SourceVersion "1"]
[SourceVersionDate "2016.10.25"]
[SourceQuality "1"]

1. e4 e5 2. Nf3 Nc6 3. d3 Bc5 4. Nc3 h6 5. Bd2 Nf6 6. h3 d6 7. Be2 Be6 8. Na4 Bb6 9. Nxb6 axb6 10. a3 0-0 11. Bc3 Nd7 12. d4 exd4 13. Nxd4 Nxd4 14. Bxd4 f5 15. exf5 Bxf5 16. Bc4+ Kh8 17. 0-0 Qg5 18. Qf3 c5 19. Be3 Qg6 20. Qg3 Qxg3 21. fxg3 Bxc2 22. Rac1 Rxf1+ 23. Rxf1 Nf6 24. Bxh6 d5 25. Bg5 Ne4 26. Rc1 dxc4 27. Rxc2 Nxg5 0-1